000
00266nam a2200109Ia 4500
008
220204s9999 xx 000 0 und d
082
_a
301
_b
JOH
100
_a
Johnson, J M
245
0
_a
Doing field research
260
_a
London
_b
Collier Macmillan
_c
1975
942
_c
BK
999
_c
29889
_d
29889